[Event "Fremont Clubsport op"]
[Site "Fremont"]
[Date "2005.10.29"]
[Round "2"]
[White "Srinivas, Sandip"]
[Black "Jangle, Hemang"]
[Result "0-1"]
[WhiteElo "1029"]
[BlackElo "1249"]
[PlyCount "62"]
[EventDate "2005.10.29"]
[EventType "swiss"]
[EventRounds "5"]
[EventCountry "USA"]
[SourceTitle "EXT 2009"]
[Source "ChessBase"]
[SourceDate "2008.11.26"]
[SourceVersion "1"]
[SourceVersionDate "2008.11.26"]
[SourceQuality "1"]

1. e4 e5 2. Nf3 d5 3. exd5 Bd6 4. Nc3 Nf6 5. Bc4 e4 6. Ng5 0-0 7. Ncxe4 Nxe4 8. Nxe4 Re8 9. Qf3 f5 10. d3 fxe4 11. dxe4 Qh4 12. g3 Rxe4+ 13. Kf1 Bh3+ 14. Qg2 Bxg2+ 15. Kxg2 Qg4 16. f3 Qf5 17. Bd3 Re2+ 18. Bxe2 Qxc2 19. Re1 Nd7 20. Kh3 Re8 21. Bf4 Rxe2 22. Bxd6 Rxh2+ 23. Kg4 Qg6+ 24. Kf4 Qxd6+ 25. Kf5 Qxd5+ 26. Kf4 Rf2 27. Rad1 Rxf3+ 28. Kg4 Qf5+ 29. Kh4 g5+ 30. Kh5 Nf6+ 31. Kh6 Qg6# 0-1